000 nam a22 7a 4500
999 _c9920
_d9920
008 180208b ||||| |||| 00| 0 eng d
100 _aKumar, N
_95983
245 _aSkiting
260 _aNew Delhi
_bK S K Publication
_c2008